[Event "DEN-ch Seniors 65"]
[Site "Randers"]
[Date "2015.02.10"]
[Round "4"]
[White "Andersen, Vagn Skov"]
[Black "Nielsen, Carl Evald"]
[Result "1/2-1/2"]
[WhiteElo "1720"]
[BlackElo "1826"]
[PlyCount "104"]
[EventDate "2015.02.07"]
[EventType "swiss"]
[EventRounds "7"]
[EventCountry "DEN"]
[SourceTitle "EXT 2016"]
[Source "ChessBase"]
[SourceDate "2015.10.08"]
[SourceVersion "1"]
[SourceVersionDate "2015.10.08"]
[SourceQuality "1"]

1. d4 Nf6 2. c4 g6 3. Nc3 Bg7 4. e4 d6 5. f3 0-0 6. Be3 e5 7. Nge2 exd4 8. Nxd4 Nh5 9. Qd2 Re8 10. Bd3 c5 11. Nde2 Nc6 12. 0-0 Bd4 13. Bxd4 cxd4 14. Nd5 Ng7 15. Bc2 Ne6 16. a3 Kg7 17. Ba4 Bd7 18. Bxc6 bxc6 19. Ndf4 Nxf4 20. Qxd4+ Re5 21. Nxf4 Qf6 22. Nd3 c5 23. Qc3 Rg5 24. Qxf6+ Kxf6 25. f4 Rh5 26. e5+ Ke7 27. exd6+ Kxd6 28. Ne5 Be6 29. Rad1+ Kc7 30. Rf2 f6 31. Nf3 Bxc4 32. Rfd2 Bb5 33. Rd6 Rf5 34. g3 Ba4 35. R1d2 Re8 36. Nh4 Rh5 37. Rxf6 Re7 38. Ra6 Re1+ 39. Kf2 Rf1+ 40. Kg2 Bb5 41. Rxa7+ Kb6 42. Re7 Rc1 43. Kf2 c4 44. Nf3 c3 45. bxc3 Rxc3 46. h4 Rxa3 47. g4 Rh6 48. g5 Rh5 49. Kg3 Bc6 50. Rf2 Rxf3+ 51. Rxf3 Bxf3 52. Kxf3 Rxh4 1/2-1/2

[Event "DEN-ch Seniors"]
[Site "Randers"]
[Date "2012.02.14"]
[Round "4"]
[White "Nielsen, Peter"]
[Black "Andersen, Vagn Skov"]
[Result "1-0"]
[WhiteElo "1804"]
[BlackElo "1720"]
[PlyCount "99"]
[EventDate "2012.02.11"]
[EventType "swiss"]
[EventRounds "7"]
[EventCountry "DEN"]
[SourceTitle "EXT 2018"]
[Source "ChessBase"]
[SourceDate "2017.10.13"]
[SourceVersion "1"]
[SourceVersionDate "2017.10.13"]
[SourceQuality "1"]

1. e4 d6 2. d4 Nf6 3. Nc3 g6 4. h3 Bg7 5. Nf3 0-0 6. Bf4 c6 7. Bd3 Re8 8. Qd2 Nh5 9. Be3 e5 10. dxe5 dxe5 11. 0-0-0 Qc7 12. Ne2 Be6 13. Ng5 b5 14. Nxe6 Rxe6 15. g4 Nf6 16. f3 Nbd7 17. h4 Rd6 18. Qe1 c5 19. Bxb5 Rxd1+ 20. Kxd1 Rd8 21. Bxd7 Rxd7+ 22. Kc1 Qb6 23. Qc3 Rc7 24. h5 Ne8 25. Ng3 Qf6 26. hxg6 fxg6 27. Qc4+ Kh8 28. Qf1 Bf8 29. Ne2 Rb7 30. Nc3 Qb6 31. Na4 Qb4 32. b3 Qa3+ 33. Kd2 Qxa2 34. Qc4 Rd7+ 35. Ke2 Qa3 36. Bxc5 Bxc5 37. Qxc5 Qxc5 38. Nxc5 Rc7 39. b4 Nd6 40. Kd3 Nb5 41. c3 Rf7 42. Kc4 Nc7 43. Ra1 Ne8 44. Kd5 Re7 45. g5 Kg8 46. Rd1 Kf7 47. Kc4 Nc7 48. Rd7 Ne8 49. Rxe7+ Kxe7 50. Kd5 1-0